[Event "USCL New Jersey vs Boston"]
[Site "Internet Chess Club"]
[Date "2009.10.19"]
[Round "8"]
[White "Shen, Victor"]
[Black "Esserman, Marc"]
[Result "1-0"]
[WhiteElo "2305"]
[BlackElo "2461"]
[PlyCount "93"]
[EventDate "2009.??.??"]

1. e4 e5 2. Nf3 Nc6 3. Bc4 Nf6 4. d3 Be7 5. O-O d6 6. a4 O-O 7. Re1 Na5 8. Ba2
c5 9. Nc3 h6 10. h3 Nc6 11. Nd5 Nxd5 12. Bxd5 Bf6 13. c3 Kh7 14. Be3 g6 15. d4
exd4 16. cxd4 Nb4 17. dxc5 Bxb2 18. Rb1 Bc3 19. Bxh6 Bxe1 20. Bxf8 Qxf8 21.
Qxe1 Nxd5 22. exd5 dxc5 23. Qe5 Kg8 24. a5 Qd8 25. d6 b6 26. Ng5 Bf5 27. Qd5
Qe8 28. Rd1 Rd8 29. Qc4 Rd7 30. g4 Be6 31. Qf4 Bb3 32. Rd3 Qe2 33. Rd2 Qe1+ 34.
Kh2 Kg7 35. Ne4 Qa1 36. axb6 axb6 37. g5 Be6 38. Nf6 Rd8 39. d7 Rh8 40. Ne8+
Kg8 41. h4 Bxd7 42. Rxd7 Rxh4+ 43. Qxh4 Qe5+ 44. Qg3 Qxe8 45. Qd6 Qe2 46. Rd8+
Kh7 47. Qf4 1-0

[Event "USCL Dallas vs Miami"]
[Site "Internet Chess Club"]
[Date "2009.10.19"]
[Round "8"]
[White "Rodriguez, Eric"]
[Black "Jayakumar, Adarsh"]
[Result "1-0"]
[WhiteElo "2290"]
[BlackElo "2173"]
[PlyCount "57"]
[EventDate "2009.??.??"]

1. d4 Nf6 2. c4 c5 3. d5 e6 4. Nc3 exd5 5. cxd5 d6 6. e4 g6 7. f3 Bg7 8. Bg5
O-O 9. Qd2 a6 10. a4 Nbd7 11. Nh3 Re8 12. Nf2 Rb8 13. Be2 Qc7 14. Rc1 Nf8 15.
O-O Qa5 16. Ra1 Bd7 17. f4 h6 18. Bh4 N6h7 19. Bg3 Qd8 20. Rae1 b5 21. axb5
axb5 22. e5 h5 23. Nfe4 b4 24. Nd1 dxe5 25. Nd6 Re7 26. fxe5 Be8 27. Bc4 Rb6
28. Bh4 f5 29. Nxe8 1-0

[Event "USCL Dallas vs Miami"]
[Site "Internet Chess Club"]
[Date "2009.10.19"]
[Round "8"]
[White "Lopez, Bruci"]
[Black "Ludwig, Daniel"]
[Result "1/2-1/2"]
[WhiteElo "2480"]
[BlackElo "2543"]
[PlyCount "75"]
[EventDate "2009.??.??"]

1. e4 c5 2. Nf3 d6 3. d4 cxd4 4. Nxd4 Nf6 5. Nc3 a6 6. Bc4 e6 7. Bb3 Nbd7 8. f4
Nc5 9. f5 Be7 10. Qf3 O-O 11. O-O Bd7 12. g4 e5 13. Nde2 Bc6 14. Ng3 Nxb3 15.
axb3 d5 16. g5 Nxe4 17. Ngxe4 dxe4 18. Qg3 f6 19. gxf6 Bxf6 20. Be3 Qe7 21. Qg4
Qb4 22. Rae1 Rad8 23. Rf2 Kh8 24. Rg2 Rf7 25. Rg3 Qe7 26. Rf1 Rg8 27. Nxe4 Bxe4
28. Qxe4 Qd7 29. Qg4 e4 30. Qg6 Rgf8 31. Rh3 h6 32. Kh1 Be5 33. Bxh6 gxh6 34.
Qxh6+ Kg8 35. Rg1+ Rg7 36. Qh7+ Kf7 37. Rxg7+ Bxg7 38. Qg6+ 1/2-1/2

[Event "USCL Dallas vs Miami"]
[Site "Internet Chess Club"]
[Date "2009.10.19"]
[Round "8"]
[White "Kiewra, Keaton"]
[Black "Moreno Roman, Alejandro"]
[Result "1/2-1/2"]
[WhiteElo "2365"]
[BlackElo "2331"]
[PlyCount "104"]
[EventDate "2009.??.??"]

1. e4 e5 2. Nf3 Nc6 3. Bb5 a6 4. Ba4 Nf6 5. d4 exd4 6. O-O Be7 7. Re1 b5 8. Bb3
d6 9. Bd5 Nxd5 10. exd5 Ne5 11. Nxd4 Bd7 12. f4 Ng6 13. Nc3 O-O 14. Ne4 Re8 15.
b3 Bf8 16. g3 f5 17. Ng5 Rxe1+ 18. Qxe1 Qf6 19. Bb2 Ne7 20. c4 bxc4 21. bxc4 h6
22. Ngf3 c5 23. dxc6 Nxc6 24. Qf2 Qf7 25. Rc1 Nxd4 26. Bxd4 Rc8 27. Qf1 Bc6 28.
Nd2 Ba8 29. Rb1 Qe8 30. Rb6 Qa4 31. Qb1 d5 32. Qxf5 Qd1+ 33. Kg2 Qxd2+ 34. Kh3
Qxd4 35. Qe6+ Kh7 36. Qf5+ Kg8 37. Qe6+ Kh7 38. Qf5+ Kh8 39. Qxc8 Qxb6 40.
Qxf8+ Kh7 41. Qxa8 Qe6+ 42. Kg2 dxc4 43. Qf3 Qe1 44. Qd5 Qe2+ 45. Kh3 Qd3 46.
Qe6 c3 47. f5 Qd8 48. Qxa6 c2 49. Qc6 Qd2 50. Qg6+ Kh8 51. Qe8+ Kh7 52. Qg6+
Kh8 1/2-1/2

[Event "USCL New Jersey vs Boston"]
[Site "Internet Chess Club"]
[Date "2009.10.19"]
[Round "8"]
[White "Wang, Andrew"]
[Black "Ng, Andrew"]
[Result "0-1"]
[WhiteElo "2136"]
[BlackElo "2182"]
[PlyCount "136"]
[EventDate "2009.??.??"]

1. e4 c5 2. Nf3 d6 3. Bb5+ Nd7 4. d4 Ngf6 5. Nc3 cxd4 6. Qxd4 e5 7. Qd3 h6 8.
Be3 Be7 9. O-O O-O 10. Rfd1 a6 11. Bc4 Nb6 12. Bb3 Be6 13. Nh4 Nc8 14. Bxe6
fxe6 15. Ng6 Re8 16. Qc4 Bf8 17. Nxe5 Qa5 18. Ng6 Qh5 19. Nf4 Qf7 20. a4 Ng4
21. Bc1 g5 22. Nd3 Nb6 23. Qb3 Nd7 24. f3 Nge5 25. Be3 Rac8 26. Bf2 g4 27. fxg4
Nxg4 28. Bg3 Nc5 29. Nxc5 Rxc5 30. Rf1 Qg7 31. Ne2 d5 32. h3 Ne5 33. Nf4 Nc4
34. Nh5 Qd4+ 35. Bf2 Qe5 36. Qf3 dxe4 37. Qg4+ Kh8 38. Bxc5 Bxc5+ 39. Kh1 Rg8
40. Qh4 Qg5 41. Qxg5 Rxg5 42. Nf4 Ne3 43. Rfc1 Rf5 44. Nxe6 Bb6 45. c4 Rf6 46.
c5 Ba5 47. Nd4 Bd2 48. Rg1 Nf5 49. Ne2 Ne3 50. Ng3 Re6 51. b3 Nd5 52. Rgf1 e3
53. Rf8+ Kg7 54. Rd8 Re5 55. Rd7+ Kg6 56. Rxb7 e2 57. Nxe2 Rxe2 58. c6 Bf4 59.
Rd7 Nf6 60. Ra7 Rb2 61. Rf1 Be5 62. Rc1 Ne4 63. Re1 Ng3+ 64. Kg1 Bd4+ 65. Kh2
Bxa7 66. Kxg3 Bf2+ 67. Kg4 Bxe1 68. c7 Rc2 0-1

[Event "USCL New Jersey vs Boston"]
[Site "Internet Chess Club"]
[Date "2009.10.19"]
[Round "8"]
[White "Gulko, Boris"]
[Black "Perelshteyn, Eugene"]
[Result "1-0"]
[WhiteElo "2609"]
[BlackElo "2628"]
[PlyCount "149"]
[EventDate "2009.??.??"]

1. d4 d5 2. c4 c6 3. Nf3 Nf6 4. Nc3 dxc4 5. a4 Bf5 6. e3 e6 7. Bxc4 Bb4 8. O-O
O-O 9. Qe2 Bg6 10. Ne5 Nbd7 11. Nxg6 hxg6 12. Rd1 Qa5 13. Na2 Bd6 14. Bd2 Qc7
15. g3 e5 16. Nc3 exd4 17. exd4 Nb6 18. Bb3 Nbd5 19. Qf3 Rad8 20. Bg5 Rd7 21.
a5 Be7 22. Re1 Bd8 23. Na4 Nh7 24. Bd2 Bg5 25. Bxg5 Nxg5 26. Qg4 Nh7 27. Nc5
Rdd8 28. a6 b6 29. Nd3 Nhf6 30. Qf3 Ne7 31. Rxe7 Qxe7 32. Ne5 Rd6 33. Nxg6 Qe4
34. Qxe4 Nxe4 35. Nxf8 Kxf8 36. Rd1 Rf6 37. f4 g5 38. Bc2 Nd6 39. fxg5 Re6 40.
Kf2 Ne4+ 41. Bxe4 Rxe4 42. h4 Re6 43. Kf3 Kg7 44. d5 cxd5 45. Rxd5 b5 46. Rxb5
Rxa6 47. h5 Ra4 48. Rb7 Kg8 49. g4 a5 50. h6 Ra1 51. g6 fxg6 52. Kf4 Rc1 53.
Kg5 Rc6 54. Ra7 Rb6 55. Rxa5 Kh7 56. Ra7+ Kh8 57. Rc7 Kg8 58. Rg7+ Kh8 59. Rxg6
Rb5+ 60. Kh4 Kh7 61. Rc6 Rxb2 62. Kh5 Rb5+ 63. g5 Ra5 64. Rc7+ Kh8 65. Re7 Rb5
66. Kg6 Rb8 67. Kf7 Rf8+ 68. Ke6 Rg8 69. Kf6 Rf8+ 70. Rf7 Ra8 71. g6 Kg8 72.
Rg7+ Kh8 73. Rd7 Ra6+ 74. Kf7 Ra8 75. Ke7 1-0

[Event "USCL Chicago vs Arizona"]
[Site "Internet Chess Club"]
[Date "2009.10.19"]
[Round "8"]
[White "Aldama, Dioniso"]
[Black "Felecan, Florin"]
[Result "1-0"]
[WhiteElo "2473"]
[BlackElo "2430"]
[PlyCount "101"]
[EventDate "2009.??.??"]

1. e4 c5 2. Nf3 d6 3. d4 cxd4 4. Nxd4 Nf6 5. Nc3 g6 6. Be2 Bg7 7. O-O O-O 8.
Bg5 Nc6 9. Nb3 a6 10. a4 Be6 11. Bh4 Rc8 12. f4 Nb4 13. Nd4 Bc4 14. Kh1 e5 15.
Nb3 Bxe2 16. Qxe2 h6 17. Rad1 Qe7 18. fxe5 dxe5 19. Nd5 Nbxd5 20. exd5 Rfd8 21.
c4 g5 22. Bg3 Qb4 23. Nd2 Qxa4 24. b3 Qd7 25. Ne4 Nxe4 26. Qxe4 b5 27. Rc1 bxc4
28. bxc4 a5 29. Rfd1 f5 30. Qe2 e4 31. Be1 a4 32. c5 a3 33. c6 Qa7 34. Qa2 Qf7
35. Ba5 Bb2 36. Bxd8 Bxc1 37. Rxc1 Rxd8 38. h3 Kh7 39. Qxa3 Qxd5 40. c7 Rc8 41.
Qe7+ Kg6 42. Rc5 Qf7 43. Rc6+ Kg7 44. Qd8 Qf8 45. Rd6 e3 46. Qd7+ Qf7 47. Qxc8
e2 48. Re6 f4 49. Rxe2 f3 50. Rf2 fxg2+ 51. Kg1 1-0

[Event "USCL Chicago vs Arizona"]
[Site "Internet Chess Club"]
[Date "2009.10.19"]
[Round "8"]
[White "Young, Angelo"]
[Black "Barcenilla, Rogelio"]
[Result "1-0"]
[WhiteElo "2325"]
[BlackElo "2583"]
[PlyCount "81"]
[EventDate "2009.??.??"]

1. d4 Nf6 2. Nf3 g6 3. g3 Bg7 4. Bg2 O-O 5. O-O d6 6. b3 c5 7. Bb2 Nc6 8. d5
Nb4 9. c4 Rb8 10. a3 Na6 11. Nc3 Bd7 12. Nd2 b5 13. Nxb5 Bxb5 14. cxb5 Rxb5 15.
e4 Qb8 16. Re1 Nc7 17. Rb1 Rb7 18. h3 Nd7 19. Bxg7 Kxg7 20. Nc4 Nb5 21. Qc1 Nd4
22. b4 Rc8 23. Na5 Rb6 24. Qb2 Ne5 25. Red1 f6 26. f4 Nef3+ 27. Bxf3 Nxf3+ 28.
Kf2 Nd4 29. Rbc1 Rb5 30. Qc3 Rxa5 31. bxa5 Nb3 32. Rc2 c4 33. Qb4 Qc7 34. a6
Kf7 35. e5 dxe5 36. d6 exd6 37. Rxd6 Nd4 38. Qb7 Ke8 39. Qd5 Nxc2 40. Qg8+ Ke7
41. Re6+ 1-0

[Event "USCL Chicago vs Arizona"]
[Site "Internet Chess Club"]
[Date "2009.10.19"]
[Round "8"]
[White "Adelberg, David"]
[Black "Rosen, Eric"]
[Result "1-0"]
[WhiteElo "2160"]
[BlackElo "2164"]
[PlyCount "109"]
[EventDate "2009.??.??"]

1. d4 d5 2. c4 e6 3. Nf3 Nf6 4. g3 c6 5. Bg2 Be7 6. O-O O-O 7. Qc2 b6 8. Rd1
Ba6 9. b3 Nbd7 10. Nc3 Rc8 11. e4 dxc4 12. Qe2 Bb4 13. Bb2 b5 14. bxc4 bxc4 15.
Qc2 Qc7 16. a3 Be7 17. Bc1 Rfd8 18. Bf4 Qa5 19. Bd2 Qh5 20. Nh4 Ng4 21. h3 Bxh4
22. hxg4 Qxg4 23. gxh4 Qxh4 24. Qc1 h6 25. Bf4 e5 26. Bg3 Qf6 27. Qe3 exd4 28.
Rxd4 Nc5 29. Rxd8+ Rxd8 30. Qxc5 Qxc3 31. Be5 Qd3 32. Qxc6 Bc8 33. Bf1 Qf3 34.
Qxc4 Re8 35. Bg2 Qh5 36. Bg3 Bh3 37. Qd5 Qg4 38. Bxh3 Qxh3 39. Rb1 Qg4 40. e5
h5 41. Rb7 Qf5 42. Rxa7 h4 43. Ra8 Rxa8 44. Qxa8+ Kh7 45. Bxh4 Qxe5 46. a4 f5
47. Kg2 Qd4 48. Bg3 f4 49. Bh2 g5 50. Qf3 Kg6 51. a5 Qa1 52. Qc6+ Kh5 53. a6
Kg4 54. Qd7+ Kh5 55. Qh7+ 1-0

[Event "USCL Chicago vs Arizona"]
[Site "Internet Chess Club"]
[Date "2009.10.19"]
[Round "8"]
[White "Pasalic, Mehmed"]
[Black "Rensch, Daniel"]
[Result "1/2-1/2"]
[WhiteElo "2346"]
[BlackElo "2434"]
[PlyCount "128"]
[EventDate "2009.??.??"]

1. e4 c5 2. Nf3 d6 3. d4 cxd4 4. Nxd4 Nf6 5. Nc3 a6 6. f4 e5 7. Nf3 Nbd7 8. Bd3
b5 9. O-O Bb7 10. Qe2 Be7 11. Kh1 g6 12. fxe5 dxe5 13. Bh6 Ng4 14. Bd2 Nc5 15.
Rad1 Nxd3 16. cxd3 b4 17. Nb1 h5 18. Be1 Qb6 19. Bf2 Nxf2+ 20. Rxf2 Qe6 21.
Nbd2 O-O 22. Nc4 f6 23. Qe3 Kg7 24. Rc2 Rfc8 25. h3 a5 26. b3 a4 27. Qe1 Rd8
28. Re2 Ba6 29. Rc2 Bxc4 30. dxc4 axb3 31. axb3 Rxd1 32. Qxd1 f5 33. Re2 Rd8
34. Qe1 Bf6 35. Qxb4 Rd3 36. Qb8 fxe4 37. Qb7+ Kh6 38. Qxe4 Qd6 39. Nxe5 Bxe5
40. Qxe5 Qxe5 41. Rxe5 Rxb3 42. h4 Rc3 43. Rc5 Rc2 44. Rc7 Rd2 45. Kh2 Rd4 46.
g3 Rd3 47. c5 Rd2+ 48. Kg1 Rc2 49. Rc8 Kg7 50. Rc6 Kf7 51. Kf1 Kg7 52. Rc8 Kf6
53. c6 Kf5 54. c7 Kg4 55. Rg8 Rxc7 56. Rxg6+ Kf3 57. Kg1 Rc2 58. Rb6 Kxg3 59.
Rb3+ Kxh4 60. Rb4+ Kg3 61. Rb3+ Kg4 62. Rb4+ Kg3 63. Rb3+ Kg4 64. Rb4+ Kg3
1/2-1/2

[Event "USCL Tennessee vs Seattle"]
[Site "Internet Chess Club"]
[Date "2009.10.21"]
[Round "8"]
[White "Chen, Howard"]
[Black "Bick, John"]
[Result "1-0"]
[WhiteElo "2195"]
[BlackElo "2260"]
[PlyCount "89"]
[EventDate "2009.??.??"]

1. e4 c6 2. d4 d5 3. e5 Bf5 4. Nf3 e6 5. Be2 c5 6. Be3 Ne7 7. O-O Nbc6 8. c3
Qb6 9. Na3 a6 10. Qd2 Ng6 11. c4 cxd4 12. Nxd4 Nxd4 13. Bxd4 Bc5 14. Bxc5 Qxc5
15. cxd5 Qxd5 16. Qb4 Nxe5 17. Rfd1 Qe4 18. Nc4 Nxc4 19. Bxc4 Rd8 20. Rxd8+
Kxd8 21. Qd6+ Kc8 22. Rc1 Qc6 23. Bxe6+ Bxe6 24. Rxc6+ bxc6 25. Qxc6+ Kb8 26.
Qb6+ Kc8 27. Qxa6+ Kd7 28. h3 Rb8 29. Qa7+ Kc8 30. b4 Rb7 31. Qa8+ Kc7 32. Qa5+
Kb8 33. Qd8+ Ka7 34. a4 Rd7 35. Qa5+ Kb7 36. b5 Rd6 37. Qb4 Rd5 38. a5 Bd7 39.
Qe4 Be6 40. Kh2 Ka7 41. Qc4 Rd7 42. Qc6 Rb7 43. a6 Rb8 44. Qc7+ Ka8 45. b6 1-0

[Event "USCL New York vs Carolina"]
[Site "Internet Chess Club"]
[Date "2009.10.21"]
[Round "8"]
[White "Braylovsky, Gregory"]
[Black "Simpson, Ron"]
[Result "1-0"]
[WhiteElo "2434"]
[BlackElo "2290"]
[PlyCount "71"]
[EventDate "2009.??.??"]

1. e4 c5 2. Nf3 e6 3. c3 Nc6 4. Bb5 Nf6 5. Qe2 Be7 6. O-O Qb6 7. Ba4 O-O 8. d3
d6 9. Bg5 Bd7 10. Bd1 c4 11. dxc4 e5 12. b3 Nd8 13. Nbd2 Ne6 14. Be3 Qc7 15.
Bc2 Nh5 16. g3 g6 17. Bh6 Nhg7 18. Ne1 Rae8 19. Nd3 a5 20. f3 f5 21. Nf2 Bg5
22. Bxg5 Nxg5 23. Rad1 Bc6 24. c5 dxc5 25. Nc4 Kh8 26. h4 Nh5 27. hxg5 Nxg3 28.
Qe3 Qe7 29. exf5 gxf5 30. Rfe1 Qg7 31. Nd6 f4 32. Nxe8 Rxe8 33. Qd3 e4 34. Qd8
Nh5 35. Bxe4 Qxc3 36. Qc7 1-0

[Event "USCL Philadelphia vs Baltimore"]
[Site "Internet Chess Club"]
[Date "2009.10.21"]
[Round "8"]
[White "Smith, Bryan"]
[Black "Erenburg, Sergey"]
[Result "1/2-1/2"]
[WhiteElo "2528"]
[BlackElo "2616"]
[PlyCount "85"]
[EventDate "2009.??.??"]

1. e4 e5 2. d4 exd4 3. Nf3 Nc6 4. Nxd4 Bb4+ 5. c3 Bc5 6. Be3 Bb6 7. f4 d6 8.
Be2 Nf6 9. Nd2 O-O 10. Bf3 Ng4 11. Bxg4 Qh4+ 12. g3 Qxg4 13. Qxg4 Bxg4 14. Kf2
Rfe8 15. Rhe1 Bd7 16. Nb5 Bxe3+ 17. Rxe3 Rac8 18. Rae1 Kf8 19. Nd4 Re7 20. Nc4
f6 21. e5 dxe5 22. Nxc6 Bxc6 23. fxe5 f5 24. Rd1 b5 25. Na5 Be4 26. Nb3 c5 27.
Rd6 Rxe5 28. Rd7 Re6 29. Nd2 a6 30. Nxe4 fxe4 31. Re2 Rce8 32. Ke3 Rf6 33. Rf2
Rxf2 34. Kxf2 e3+ 35. Ke2 Re6 36. Rd5 c4 37. Rf5+ Ke7 38. Rf3 Re5 39. Rxe3 Ke6
40. g4 Kf6 41. Rxe5 Kxe5 42. Ke3 g5 43. a3 1/2-1/2

[Event "USCL Philadelphia vs Baltimore"]
[Site "Internet Chess Club"]
[Date "2009.10.21"]
[Round "8"]
[White "Defibaugh, Jared"]
[Black "Shahade, Jennifer"]
[Result "0-1"]
[WhiteElo "2155"]
[BlackElo "2301"]
[PlyCount "82"]
[EventDate "2009.??.??"]

1. e4 c5 2. d4 cxd4 3. c3 Nf6 4. e5 Nd5 5. Nf3 e6 6. cxd4 d6 7. Nc3 Nxc3 8.
bxc3 Qc7 9. Bb2 Nd7 10. Qa4 Be7 11. Bd3 dxe5 12. Nxe5 O-O 13. Nxd7 Bxd7 14. Qc2
g6 15. O-O Rac8 16. Rac1 Rfd8 17. Rfd1 Qa5 18. Qb1 Bg5 19. c4 Bxc1 20. Qxc1 Ba4
21. Re1 e5 22. Bc3 Qc7 23. d5 f6 24. Bd2 b5 25. cxb5 Rxd5 26. Qa3 Bxb5 27. Bxb5
Rxb5 28. Qe3 Qb7 29. Qd3 Qd5 30. Qe3 Qxa2 31. h4 Rb1 32. h5 Rxe1+ 33. Bxe1 gxh5
34. Qg3+ Kh8 35. Qf3 Qf7 36. Bd2 Rg8 37. Bc3 Qg6 38. Qc6 h4 39. Kh2 a5 40. f4
Qg3+ 41. Kh1 Qxf4 0-1

[Event "USCL Philadelphia vs Baltimore"]
[Site "Internet Chess Club"]
[Date "2009.10.21"]
[Round "8"]
[White "Costigan, Richard"]
[Black "Zimmer, Ralph"]
[Result "0-1"]
[WhiteElo "2288"]
[BlackElo "2282"]
[PlyCount "102"]
[EventDate "2009.??.??"]

1. e4 d6 2. d4 Nf6 3. Nc3 g6 4. Nf3 Bg7 5. Be2 c6 6. a4 a5 7. h3 Na6 8. O-O O-O
9. Re1 Nb4 10. Bf4 Nd7 11. Rc1 e5 12. Bg5 f6 13. Be3 Qe7 14. Bc4+ Kh8 15. Qd2
Re8 16. d5 c5 17. Nb5 Nf8 18. c3 Na6 19. Ra1 g5 20. Kh2 Ng6 21. Ng1 Nf4 22. g3
Ng6 23. Be2 Nc7 24. Na3 h6 25. Nc4 f5 26. Bxc5 dxc5 27. d6 Qf7 28. dxc7 Qxc7
29. Qd6 Qf7 30. Qxc5 Bf8 31. Qe3 f4 32. Qf3 Be6 33. b3 Bc5 34. Rf1 Rf8 35. Qh5
Kg7 36. Nf3 Bxf2 37. Rxf2 fxg3+ 38. Kxg3 Qf4+ 39. Kg2 Qxe4 40. Qxg6+ Qxg6 41.
Ncxe5 Qh5 42. Rh1 Bd5 43. Kg3 Rf4 44. Rd1 Be6 45. Rh2 Raf8 46. Rd6 Bc8 47. Kg2
Qe8 48. Bb5 Qe7 49. Rg6+ Kh7 50. Bd3 Bf5 51. Bxf5 R8xf5 0-1

[Event "USCL San Francisco vs Queens"]
[Site "Internet Chess Club"]
[Date "2009.10.21"]
[Round "8"]
[White "Katz, Benjamin"]
[Black "Young, Gregory"]
[Result "0-1"]
[WhiteElo "2139"]
[BlackElo "2242"]
[PlyCount "116"]
[EventDate "2009.??.??"]

1. e4 c5 2. Nf3 Nc6 3. d4 cxd4 4. Nxd4 g6 5. c4 Bg7 6. Nc2 Nf6 7. Nc3 d6 8. Be2
O-O 9. O-O Nd7 10. Bd2 a5 11. Qc1 Nc5 12. Bh6 Bxc3 13. Bxf8 Qxf8 14. bxc3 Nxe4
15. Qe3 Nc5 16. Nd4 Bd7 17. Rfe1 Rc8 18. Bf1 Be6 19. Rab1 Rc7 20. Rb5 Qd8 21.
f4 a4 22. f5 Bd7 23. fxg6 hxg6 24. Rb2 Ne5 25. h3 Qf8 26. Rf2 Qg7 27. Nf3 Nxf3+
28. Rxf3 Bc6 29. Rf2 Ne4 30. Rc2 Qe5 31. Qd4 Qc5 32. Kh2 f5 33. g4 e5 34. Qxc5
Nxc5 35. Rd1 Rd7 36. Bg2 e4 37. gxf5 gxf5 38. Rcd2 f4 39. Rxd6 Rxd6 40. Rxd6 f3
41. Bf1 e3 42. Rd8+ Kf7 43. Kg3 e2 44. Bxe2 fxe2 45. Kf2 Bf3 46. Rd4 Ne6 47.
Rh4 Kg6 48. Rh8 Nf4 49. Rg8+ Kf7 50. Rd8 Ng2 51. Kxf3 e1=Q 52. Kxg2 Qe2+ 53.
Kg3 Qxa2 54. Rd7+ Ke6 55. Rxb7 a3 56. c5 Qc4 57. Ra7 a2 58. Ra3 a1=Q 0-1

[Event "USCL San Francisco vs Queens"]
[Site "Internet Chess Club"]
[Date "2009.10.21"]
[Round "8"]
[White "Milman, Lev"]
[Black "Donaldson, John"]
[Result "0-1"]
[WhiteElo "2510"]
[BlackElo "2408"]
[PlyCount "114"]
[EventDate "2009.??.??"]

1. e4 c5 2. Nf3 Nc6 3. d4 cxd4 4. Nxd4 g6 5. c4 Nf6 6. Nc3 d6 7. Be2 Nxd4 8.
Qxd4 Bg7 9. Be3 O-O 10. Qd2 Be6 11. O-O Qa5 12. Rac1 a6 13. b3 b5 14. Nd5 Qxd2
15. Nxe7+ Kh8 16. Bxd2 Nxe4 17. Ba5 Rfe8 18. Nc6 bxc4 19. Bxc4 Bxc4 20. Rxc4 d5
21. Rcc1 d4 22. Rc4 Rac8 23. a4 Nc3 24. Bxc3 dxc3 25. b4 Re2 26. g3 Ra2 27. b5
axb5 28. axb5 Rb2 29. Rb4 Rxb4 30. Nxb4 Rc5 31. Rd1 Bf6 32. Rd6 Rxb5 33. Rxf6
Rxb4 34. Rc6 Rb3 35. h4 Kg7 36. Kf1 h5 37. Ke2 Rb2+ 38. Ke3 c2 39. f3 Kf8 40.
g4 Ke7 41. Kd3 Rb3+ 42. Ke4 Rb4+ 43. Ke3 hxg4 44. fxg4 Rxg4 45. h5 g5 46. Rxc2
Rh4 47. Rc7+ Kf6 48. Kf3 Rf4+ 49. Kg3 Kg7 50. Rc6 f6 51. Rc8 Rh4 52. Ra8 Rxh5
53. Kg4 Rh4+ 54. Kf5 Rf4+ 55. Ke6 g4 56. Ra7+ Kg6 57. Ra8 Re4+ 0-1

[Event "USCL New York vs Carolina"]
[Site "Internet Chess Club"]
[Date "2009.10.21"]
[Round "8"]
[White "Jones, Craig"]
[Black "Sturt, Raven"]
[Result "1-0"]
[WhiteElo "2275"]
[BlackElo "2201"]
[PlyCount "213"]
[EventDate "2009.??.??"]

1. Nf3 Nf6 2. c4 g6 3. Nc3 Bg7 4. e4 c5 5. d4 cxd4 6. Nxd4 Nc6 7. Be3 Ng4 8.
Qxg4 Nxd4 9. Qd1 Ne6 10. Qd2 Qa5 11. Be2 b6 12. O-O Bb7 13. Rfd1 d6 14. Nd5
Qxd2 15. Rxd2 Rc8 16. Rad1 Nc5 17. f3 e6 18. Nb4 O-O 19. Bd4 Bh6 20. Rc2 f5 21.
exf5 gxf5 22. Bf2 Rfd8 23. Bg3 Be3+ 24. Kf1 d5 25. cxd5 exd5 26. Bh4 Rd7 27.
Bb5 Rd6 28. Re2 f4 29. Bf2 Bxf2 30. Kxf2 a6 31. Bc4 b5 32. Bxd5+ Bxd5 33. Nxd5
Rcd8 34. Nf6+ Kf7 35. Rxd6 Rxd6 36. Ne4 Nd3+ 37. Kf1 Rc6 38. Rd2 Rc1+ 39. Ke2
Ne5 40. b3 Ke7 41. Ng5 h6 42. Nh3 Ng6 43. Kd3 Ke6 44. Rc2 Rd1+ 45. Ke2 Rb1 46.
Kd3 Kd5 47. Rd2 Rh1 48. Ke2+ Kc5 49. Kf2 Ra1 50. Ng1 Kb4 51. Ne2 a5 52. Nd4 Kc3
53. Ke2 Rg1 54. Nxb5+ Kb4 55. Kf2 Rh1 56. Nc7 Rxh2 57. Rd4+ Kc3 58. Rc4+ Kb2
59. Kg1 Rh5 60. Ra4 Re5 61. Kf2 h5 62. Na6 Rd5 63. b4 axb4 64. Nxb4 Rd4 65. Ra6
Nh4 66. Rb6 Rd2+ 67. Kf1 Ka3 68. Rb5 Nxg2 69. Nc6 h4 70. Ra5+ Kb2 71. a4 h3 72.
Rh5 Ne3+ 73. Ke1 Rd1+ 74. Ke2 Rc1 75. Nd4 Kc3 76. Rc5+ Kb2 77. Rb5+ Ka3 78. Rh5
Rc4 79. Kd3 Rxa4 80. Rxh3 Kb2 81. Rh2+ Ka3 82. Rh8 Kb4 83. Rb8+ Kc5 84. Ne6+
Kd6 85. Nxf4 Rxf4 86. Kxe3 Rc4 87. Re8 Rh4 88. f4 Rh7 89. Ke4 Rh5 90. Kf3 Rf5
91. Kg4 Rf7 92. Kg5 Kd7 93. Re1 Rf8 94. f5 Rg8+ 95. Kf6 Rf8+ 96. Kg6 Rg8+ 97.
Kf7 Rg5 98. Rd1+ Kc7 99. f6 Rg2 100. Ke7 Re2+ 101. Kf8 Rg2 102. f7 Rg4 103. Ke7
Re4+ 104. Kf6 Rf4+ 105. Ke6 Re4+ 106. Kf5 Re2 107. Rf1 1-0

[Event "USCL San Francisco vs Queens"]
[Site "Internet Chess Club"]
[Date "2009.10.21"]
[Round "8"]
[White "Naroditsky, Daniel"]
[Black "Zaremba, Andrei"]
[Result "1-0"]
[WhiteElo "2371"]
[BlackElo "2398"]
[PlyCount "183"]
[EventDate "2009.??.??"]

1. e4 c6 2. d4 d5 3. Nd2 dxe4 4. Nxe4 Nf6 5. Nxf6+ exf6 6. Bc4 Bd6 7. Ne2 O-O
8. O-O Qc7 9. Ng3 Be6 10. Bxe6 fxe6 11. Qg4 f5 12. Qe2 e5 13. dxe5 Bxe5 14. f4
Bd4+ 15. Kh1 Qf7 16. Rd1 Bb6 17. b3 Nd7 18. Bb2 Rae8 19. Qh5 Nc5 20. Qxf7+ Rxf7
21. Re1 Ne4 22. Nxe4 fxe4 23. Be5 g5 24. g3 e3 25. Rad1 h5 26. Re2 Kh7 27. a4
a6 28. Rd3 Kg6 29. Kg2 Kf5 30. Kf3 Rxe5 31. fxe5 Kxe5+ 32. Kg2 Ke4 33. Rd6 h4
34. Re6+ Kf5 35. Re8 hxg3 36. hxg3 g4 37. a5 Bd4 38. c3 Ba7 39. b4 Rd7 40. c4
Bd4 41. Re1 c5 42. b5 axb5 43. cxb5 c4 44. a6 bxa6 45. bxa6 c3 46. Rf1+ Kg6 47.
Re6+ Kg7 48. Rc6 e2 49. Re1 Re7 50. Rc4 Bf6 51. Kf2 Ra7 52. Rxg4+ Kf7 53. Rxe2
Rxa6 54. Rc4 Rd6 55. Kf3 Kg6 56. g4 Rd3+ 57. Re3 Rd6 58. Rc8 Ra6 59. Rd3 Re6
60. Rc5 Ra6 61. Rc4 Rb6 62. Rd5 Rb3 63. Kf4 Rb1 64. Rc6 Rf1+ 65. Ke3 Rg1 66.
Rdd6 Rf1 67. Rxc3 Kg5 68. Rc4 Be7 69. Rd5+ Kh4 70. Ke2 Ra1 71. Kf3 Bg5 72. Rd3
Rg1 73. Rdd4 Rg3+ 74. Ke2 Rg2+ 75. Kf1 Rg3 76. Re4 Rf3+ 77. Kg2 Ra3 78. Re8
Ra2+ 79. Kf3 Ra3+ 80. Ke2 Ra2+ 81. Kd3 Ra3+ 82. Kc2 Ra2+ 83. Kb3 Ra5 84. Rh8+
Kg3 85. Rh5 Kf3 86. Rh3+ Kg2 87. Rd3 Rb5+ 88. Rb4 Re5 89. Rc4 Rb5+ 90. Ka3 Ra5+
91. Kb4 Ra2 92. Kb3 1-0

[Event "USCL Tennessee vs Seattle"]
[Site "Internet Chess Club"]
[Date "2009.10.21"]
[Round "8"]
[White "Bereolos, Peter"]
[Black "Readey, John"]
[Result "1/2-1/2"]
[WhiteElo "2329"]
[BlackElo "2273"]
[PlyCount "137"]
[EventDate "2009.??.??"]

1. d4 d6 2. c4 e5 3. Nf3 e4 4. Ng5 f5 5. g3 Be7 6. h4 Nf6 7. Nc3 c6 8. Nh3 Na6
9. Bg5 Nc7 10. e3 O-O 11. Be2 Rb8 12. Nf4 Nfe8 13. Bxe7 Qxe7 14. Qc2 Nf6 15.
O-O-O Bd7 16. Kb1 Be8 17. Ka1 Bf7 18. Rc1 Rfc8 19. Qd1 d5 20. c5 b6 21. Na4 b5
22. Nc3 Qd7 23. Rg1 Ng4 24. Qe1 Ne8 25. Nd1 Nef6 26. Qa5 Qc7 27. Qxc7 Rxc7 28.
Rh1 g6 29. Kb1 Re7 30. Kc2 Kg7 31. Kd2 Ree8 32. Rc3 a5 33. Rc1 h6 34. Ke1 Rh8
35. Kf1 g5 36. Ng2 Bh5 37. Rc2 Rbf8 38. Ke1 Ne8 39. a4 b4 40. b3 Nc7 41. Rd2
Ne6 42. Kf1 f4 43. hxg5 hxg5 44. gxf4 gxf4 45. Nxf4 Nxf4 46. exf4 Rxf4 47. Bxg4
Bxg4 48. Rxh8 Kxh8 49. Ne3 Bf3 50. Rb2 Kg7 51. Ke1 Bh5 52. Rb1 Kf6 53. Rc1 Kg5
54. Rc2 Rh4 55. Rc1 Rh2 56. Nf1 Rh3 57. Ne3 Kf4 58. Kd2 Rh2 59. Rf1 Kf3 60. Nc2
Rxf2+ 61. Rxf2+ Kxf2 62. Ne3 Be2 63. Nf5 Bd3 64. Ne3 Bb1 65. Ng4+ Kg3 66. Ne5
Kf2 67. Ng4+ Kg3 68. Ne5 Kf2 69. Ng4+ 1/2-1/2